Curso de Derecho Procesal Constitucional peruano

Bibliographic Details
Main Author: Romero Chv̀ez, Sal︢
Format: eBook
Language:Spanish
Published: Lima: Editorial Acadm̌ica Espaǫla, 2019
Subjects:
Online Access:Acceso restringido

MARC

LEADER 00000nam a22000007a 4500
005 2019100907327.0
007 cr|||| ||||
008 191009s2019 pe |||||s|||| 00||0 spa d
020 |a 9786139438549 
035 |a 29625 
040 |a vLex 
090 |c 9752  |d 9752 
100 1 |a Romero Chv̀ez, Sal︢ 
245 1 0 |a Curso de Derecho Procesal Constitucional peruano  |h [Recurso electrn̤ico] /  |c Sal︢ Romero Chv̀ez 
256 |a Servicio en ln̕ea 
260 |a Lima:  |b Editorial Acadm̌ica Espaǫla,  |c 2019 
300 |a 1 recurso electrn̤ico 
500 |a En principio, debemos seąlar que el presente trabajo acadm̌ico es un material de enseąnza del curso de Derecho Procesal Constitucional que recoge las notas que se utiliz ̤en el dictado de clases en el Semestre 2003-I, las cuales han sido ampliada con ms̀ textos, de manera tal que su props̤ito es iniciar a los estudiantes en los temas de dicho curso. Por otro lado, desde los albores de la humanidad, el hombre, inicialmente, en el “estado de naturaleza" ha tenido la necesidad de vivir en compaą̕ de sus semejantes, forjando lo que Locke desarrolla con el contrato social. Este pacto polt̕ico colectivo se erige a travš de la renuncia a los intereses particulares en favor de los intereses colectivos. 
506 1 |a Disponible solo en los productos indicados  |d vLex Global  |d vLex Global (Academic Edition, excluding Law Schools)  |d vLex Global (U.S. Academic Edition, Law Schools)  |d vLex Global (U.S. Academic Edition, excluding Law Schools)  |d vLex Global (Academic Edition, Law Schools) 
650 0 4 |a Derecho Civil  |z Per︢ 
740 0 |a vLex Libros (Servicio en ln̕ea) 
856 4 0 |u http://vlex.com/source/29625  |z Acceso restringido 
942 |c BOOK 
999 0 |a Civil Law